Green accounting in Europe : a comparative study, volume 2 /

Bibliographic Details
Other Authors: Markandya, Anil, 1945-, Tamborra, Marialuisa
Format: Book
Language:English
Published: Cheltenham, UK ; Northampton, MA : Edward Elgar, [2005]
Series:Fondazione Eni Enrico Mattei (FEEM) series on economics and the environment.
Subjects:

MARC

Tag First Indicator Second Indicator Subfields
LEADER 00000cam a2200000 a 4500
001 in00002114607
005 20151103051819.0
008 041105s2005 enkab f b 001 0 eng
015 |a GBA505179  |2 bnb 
016 7 |a 013086374  |2 Uk 
020 |a 1845421140 (hbk.) 
035 |a (OCoLC)ocm57484011 
040 |a UKM  |c UKM  |d OCLCQ  |d BAKER  |d BWKUK  |d TXA  |d UtOrBLW 
043 |a e------ 
049 |a TXAM 
050 4 |a HC240.9.P55  |b G73 2005 
082 0 4 |a 363.7'0094  |2 22 
245 0 0 |a Green accounting in Europe :  |b a comparative study, volume 2 /  |c edited by Anil Markandya, Marialuisa Tamborra. 
264 1 |a Cheltenham, UK ;  |a Northampton, MA :  |b Edward Elgar,  |c [2005] 
264 4 |c ©2005 
300 |a xii, 518 pages :  |b illustrations, maps ;  |c 24 cm. 
336 |a text  |b txt  |2 rdacontent 
337 |a unmediated  |b n  |2 rdamedia 
338 |a volume  |b nc  |2 rdacarrier 
490 1 |a The Fondazione Eni Enrico Mattei (FEEM) series on economics and the environment 
504 |a Includes bibliographical references and index. 
650 0 |a Environmental auditing  |z Europe  |v Case studies. 
650 0 |a Pollution  |z Europe  |x Costs  |x Accounting  |v Case studies. 
700 1 |a Markandya, Anil,  |d 1945- 
700 1 |a Tamborra, Marialuisa. 
830 0 |a Fondazione Eni Enrico Mattei (FEEM) series on economics and the environment. 
948 |a cataloged  |b h  |c 2006/3/16  |d c  |e jgreene  |f 1:42:52 pm 
994 |a C0  |b TXA 
999 |a MARS 
999 f f |s 22f31827-2f79-39da-addf-b5080020cee9  |i 0645510e-cd9c-336b-a25f-e092efcd99c2  |t 0 
952 f f |p ric  |a Texas A&M University  |b Rellis Campus  |c Joint Library Facility  |d Remote Storage  |t 0  |e HC240.9.P55 G73 2005  |h Library of Congress classification  |i unmediated -- volume  |m A14832747415 
998 f f |a HC240.9.P55 G73 2005  |t 0  |l Remote Storage